LEADER 00976nam a2200205 u 4500 001 991004403427707536 005 20251125115906.0 008 251027s1996 xx af r 100 0 eng d 040 $aBibl. Dip.le Aggr. Ingegneria Innovazione - Sez. Ingegneria Innovazione$beng 082 0 $a551.22 245 10$a1. Congreso internacional en riesgo sismico CIRS-96 : memorias: Guayaquil, 15-17 de enero de 1996 =$b1. International congress in seismic risk CIRS-96 : proceedings: Guayaquil, january 15-17 1996 246 11$a1. International congress in seismic risk CIRS-96 :$bproceedings: Guayaquil, january 15-17 1996 260 $a[S.l. :$bs.n.],$c[1996] 300 $a[237] p. ;$c30 cm 650 0$aSeismology 710 2 $aUniversidad Catolica de Santiago de Guayaquil 710 2 $aUniversità degli Studi di Lecce 912 $a991004403427707536 996 $a1. Congreso internacional en riesgo sismico CIRS-96 : memorias: Guayaquil, 15-17 de enero de 1996$94452369 997 $aUNISALENTO